[Event "Donner mem"]
[Site "Amsterdam"]
[Date "1996.??.??"]
[Round "10"]
[White "Adianto, Utut"]
[Black "Piket, Jeroen"]
[Result "1/2-1/2"]
[WhiteElo "2605"]
[BlackElo "2580"]

1.d4 d5 2.c4 c6 3.Nf3 Nf6 4.g3 Bf5 5.Qb3 Qb6 6.c5 Qxb3 7.axb3 Na6 8.Bd2 Ne4
9.e3 Nxd2 10.Kxd2 Nc7 11.Nc3 f6 12.b4 a6 13.Nh4 Bd7 14.Na4 Rd8 15.Nb6 g6
16.Bd3 e5 17.f4 e4 18.Be2 f5 19.Rhc1 Be7 20.Ng2 Be6 21.h3 Kf7 22.Rh1 h6 23.h4 h5
24.Ne1 Rb8 25.Nc2 Bd8 26.Rhc1 Kf6 27.b5 axb5 28.Nb4 Rh7 29.Ra7 Re7 30.Rca1 Kf7
31.Kc3 Ke8 32.R1a3 Bf7 33.Kd2 Be6 34.Bf1 Bf7 35.Be2 Be6 36.Bf1  1/2-1/2

[Event "Ashkhabad"]
[Site "Ashkhabad"]
[Date "1996.??.??"]
[Round "4"]
[White "Batyrow, Sapar"]
[Black "Annageldiev, Orazly"]
[Result "1/2-1/2"]
[WhiteElo "2360"]
[BlackElo "2485"]

1.d4 d5 2.Nf3 Nf6 3.c4 c6 4.g3 g6 5.Bg2 Bg7 6.O-O O-O 7.cxd5 cxd5 8.Nc3 e6
9.Bf4 Nc6 10.Rc1 Bd7 11.Ne5 Nxe5 12.Bxe5 Bc6 13.Qd3 Qd7 14.Rfd1 Rfc8 15.h3  1/2-1/2

[Event "Ashkhabad"]
[Site "Ashkhabad"]
[Date "1996.??.??"]
[Round "8"]
[White "Kakageldyev, Amanmurad"]
[Black "Ivanov, Victor L"]
[Result "1/2-1/2"]
[WhiteElo "2475"]
[BlackElo "2450"]

1.d4 d5 2.c4 dxc4 3.Nf3 c6 4.e3 b5 5.a4 e6 6.axb5 cxb5 7.b3 Bb4+ 8.Bd2 Bxd2+
9.Nbxd2 a5 10.bxc4 b4 11.Bd3 Nf6 12.O-O O-O 13.e4 e5 14.Qc2 exd4 15.e5 Nfd7
16.Bxh7+ Kh8 17.Be4 Ra6 18.Nb3 Qc7 19.Rfe1 a4 20.Nbxd4 Nxe5 21.Rxa4 Nxf3+
22.Nxf3 Rxa4 23.Qxa4 Qxc4 24.Ne5 Qc3 25.Nd3 Qd4 26.Qxb4 Qxb4 27.Nxb4 Re8
28.Rc1 Rxe4 29.Rxc8+ Kh7 30.Nc2 Nd7 31.Ne3 Nb6 32.Rc5 g6 33.g4 Kg7 34.Rc7 Rd4
35.Rb7 Nc4 36.Rb4 Ne5 37.Rxd4 Nf3+ 38.Kg2 Nxd4 39.Kg3 Kf6 40.h4 Ne6 41.f4 Nd4
42.Nc4 Kg7 43.Kf2 Ne6 44.Ke3 Kh6 45.Nd6 f6 46.Kf3 Kg7 47.Ke4 Nc5+ 48.Ke3 Ne6
49.g5 fxg5 50.hxg5 Nc5 51.Kd4 Ne6+ 52.Ke5 Nc5 53.Nc4 Nd3+ 54.Ke4 Nc5+ 55.Kd4 Ne6+
56.Ke5 Nc5 57.Nb2 Kf7 58.Kd6 Ne4+ 59.Kd5 Nc3+ 60.Ke5 Ne2 61.Nc4 Kg7 62.Nb6 Kf7
63.Nd5 Ng3 64.Nb6 Ne2 65.Nc4 Kg7 66.Nd6 Kf8 67.Nb5 Kf7 68.Nd4 Ng3 69.Kd5 Ke7
70.Nc6+ Kf7 71.Ne5+ Kg7 72.Ke6 Ne2 73.Nd3 Nd4+ 74.Ke7 Nf5+ 75.Kd7 Kf7 76.Ne5+ Kg7
77.Nc6 Kf7 78.Nd8+ Kg7 79.Ke8 Nd6+ 80.Ke7 Nf5+ 81.Kd7 Kf8 82.Ke6 Kg7 83.Nc6 Ne3
84.Nd4 Kg8 85.Kf6 Nd5+ 86.Ke5 Ne3 87.Ke4 Nc4 88.Nc6 Kg7 89.Kd5 Ne3+ 90.Ke5 Kf7
91.Ke4 Nf1 92.Ne5+ Kg7 93.Nc4 Ng3+ 94.Ke5 Ne2 95.Nd6 Kf8 96.Nb5 Kf7 97.Nd4 Ng3
98.Kd5 Ke7 99.Nf3 Kf7 100.Ne5+ Kg7 101.Ke6 Ne2 102.Nd3 Nd4+ 103.Ke7 Nf5+
104.Kd7 Kf7 105.Ne5+ Kg7 106.Ng4 Nd4 107.Kd6 Ne2 108.Ke5 Kf7 109.Nf2 Kg7
110.Nd3 Kf7 111.Kd6 Nd4 112.Ne5+ Kg7 113.Ke7 Nf5+ 114.Kd7 Nd4 115.Nc6 Ne2
116.Nd8 Kg8 117.Ne6 Kf7 118.Kd6 Ng3 119.Nd8+ Ke8 120.Nc6 Kf7 121.Ne5+ Kg7
122.Ke7 Nf5+ 123.Kd7 Nd4 124.Kd6 Nf5+ 125.Kd7 Nd4 126.Nd3 Kf7  1/2-1/2

[Event "GRE-chT"]
[Site "Athens"]
[Date "1996.??.??"]
[Round "6"]
[White "Karanikolas, Konstantinos"]
[Black "Gavrilakis, Nikolaos"]
[Result "0-1"]
[WhiteElo "2290"]
[BlackElo "2410"]

1.d4 d5 2.c4 c6 3.Nf3 dxc4 4.a4 e6 5.e3 b5 6.b3 Bb4+ 7.Bd2 Bxd2+ 8.Nbxd2 Ne7
9.bxc4 b4 10.Nb3 a5 11.Bd3 O-O 12.O-O Nd7 13.Nfd2 f5 14.Nf3 Ng6 15.Qc2 Qf6
16.Rad1 Nb6 17.Nc5 e5 18.dxe5 Qe7 19.Nb3 c5 20.e6 Bxe6 21.e4 f4 22.e5 Nxa4
23.Ra1 Nc3 24.Nxa5 Bg4 25.Bxg6 hxg6 26.Qxg6 Bxf3 27.gxf3 Qxe5 28.Kh1 Qf6
29.Qh5 Qf5 30.Qg4 Ra6 31.Nb3 Rg6 32.Qxf5 Rxf5 33.Ra8+ Kh7 34.Rc8 Rfg5 35.Rxc5 Rxc5
36.Nxc5 Rc6 37.Nd3 Rxc4 38.Rc1 b3 39.Nb2 Rc7 40.Na4 Nd5 41.Rd1 Nc3 42.Rc1 Nb5
43.Rb1 Nd4 44.Kg2 Rc4 45.Nb6 Rc2 46.Nd5 g5 47.h4 Kh6 48.hxg5+ Kxg5 49.Nb4 Rd2
50.Kf1 b2 51.Kg2 Kf5 52.Na2 Nb5 53.Rh1 Na3 54.Nc3 Rc2 55.Nb1 Nxb1 56.Rxb1 Ke5
57.Kh3 Rxf2 58.Kg4 Rg2+ 59.Kh3 Re2 60.Kg4 Rc2 61.Kh3 Kf5  0-1

[Event "AUT-chT9697"]
[Site "Austria"]
[Date "1996.??.??"]
[Round "4"]
[White "Ebner, Hubert"]
[Black "Lendwai, Reinhard"]
[Result "1/2-1/2"]
[WhiteElo "2265"]
[BlackElo "2370"]

1.Nf3 d5 2.d4 c6 3.c4 dxc4 4.a4 Nf6 5.e3 Bf5 6.Bxc4 e6 7.O-O Bb4 8.Nc3 O-O
9.Qe2 Ne4 10.Nxe4 Bxe4 11.Rd1 Nd7 12.Bd2 Bd6 13.Bc3 Qe7 14.Bd3 Bxd3 15.Qxd3 Rfd8
16.e4 Rac8 17.h3 h6  1/2-1/2

[Event "Wch Seniors"]
[Site "Bad Liebenzell"]
[Date "1996.??.??"]
[Round "7"]
[White "Karl, Hans"]
[Black "Ofstad, Per"]
[Result "1-0"]
[WhiteElo "2255"]
[BlackElo "2200"]

1.d4 d5 2.c4 c6 3.Nf3 Nf6 4.g3 Bg4 5.Bg2 e6 6.O-O Nbd7 7.b3 Be7 8.Bb2 O-O
9.Nbd2 Qa5 10.a3 Rad8 11.Qc2 Bf5 12.Bc3 Qa6 13.Qb2 Ne4 14.e3 Nxc3 15.Qxc3 Bf6
16.cxd5 exd5 17.b4 Rc8 18.Nb3 Rfe8 19.Rfc1 Qb6 20.Ne1 Qd8 21.Na5 Rb8 22.Nd3 Nb6
23.Nc5 Qe7 24.Bf1 Nc8 25.b5 Nd6 26.a4 h5 27.Ra2 Rbc8 28.Qa3 cxb5 29.axb5 b6
30.Nc6 Rxc6 31.bxc6 bxc5 32.Qxc5 Nc8 33.Qa5 Qd6 34.Bg2 Be6 35.Rc5 Bd8 36.c7 Bf6
37.Bxd5 Bh3 38.Bg2 Bxg2 39.Kxg2 h4 40.Qa6 Qd7 41.Qc6 h3+ 42.Kf3 Qe7 43.Kg4 g6
44.Kxh3 Kg7 45.Kg2 Qf8 46.h4 Re6 47.Qf3 Be7 48.Rc6 Bd6 49.e4 Qe8 50.e5 Bxe5
51.Rxe6 Qxe6 52.Re2  1-0

[Event "Balatonbereny op"]
[Site "Balatonbereny"]
[Date "1996.??.??"]
[Round "1"]
[White "Ionescu, Constantin"]
[Black "Forgo, Eva"]
[Result "1-0"]
[WhiteElo "2525"]
[BlackElo "2290"]

1.d4 d5 2.Nf3 Nf6 3.c4 c6 4.Qc2 e6 5.g3 Nbd7 6.Bg2 Bd6 7.O-O O-O 8.Nbd2 Re8
9.b3 e5 10.dxe5 Nxe5 11.Bb2 dxc4 12.Bxe5 Bxe5 13.Nxe5 Rxe5 14.Nxc4 Bf5 15.Qb2 Re7
16.Rad1 Rd7 17.Qc1 Be4 18.Bh3 Rd5 19.f3 Bg6 20.e4 Rd4 21.Kg2 c5 22.Rxd4 cxd4
23.Rd1 Qc7 24.Qa3 b5 25.Qd6 Qb7 26.Na5 Qb6 27.Nc6 h5 28.Rxd4 Kh7 29.Nb4 Qxd6
30.Rxd6 a5 31.Ra6 Rd8 32.Rxa5 Rd2+ 33.Kg1 h4 34.Rxb5 hxg3 35.hxg3 Nh5 36.Rc5 Nxg3
37.Rc2 Rd1+ 38.Kf2 Nh5 39.Bf1 Nf4 40.Bc4 f6 41.Ke3  1-0

[Event "Regionalliga NW9596"]
[Site "Bayern"]
[Date "1996.??.??"]
[Round "?"]
[White "Staeblein, Christoph"]
[Black "Gehlert, Klaus"]
[Result "1-0"]
[WhiteElo "2055"]
[BlackElo "2100"]

1.d4 d5 2.Nf3 Nf6 3.c4 c6 4.g3 Bf5 5.Bg2 e6 6.O-O Be7 7.Qb3 Qb6 8.Nc3 Na6
9.Na4 Qxb3 10.axb3 O-O 11.Bf4 h6 12.Rfc1 g5 13.Be3 Nd7 14.Nc3 Rfd8 15.h3 Bh7
16.Ne1 Nf8 17.cxd5 exd5 18.Nf3 Re8 19.h4 f6 20.hxg5 hxg5 21.Ne1 Bd6 22.Nxd5 cxd5
23.Bxd5+ Kg7 24.Bxb7 Nb4 25.Bxa8 Rxa8 26.Bd2 Be4 27.Nf3 Ne6 28.Rc4 Nc2 29.Ra6 Bxf3
30.Rxd6 Nexd4 31.exf3 Nxf3+ 32.Kg2 Nxd2 33.Rxd2 Na1 34.Rd7+ Kg6 35.Rd6 Nxb3
36.Rcc6 Rf8 37.Ra6 Nc5 38.Rxa7 Ne4 39.Rdd7 Rb8 40.Rg7+ Kf5 41.Rgb7 Rd8 42.Kf3 Rd3+
43.Ke2 Rd5 44.Rb4 Re5 45.g4+ Ke6 46.Rb6+ Kd5 47.Ra5+ Nc5+ 48.Kf3  1-0

[Event "Berliner Sommer"]
[Site "Berlin"]
[Date "1996.??.??"]
[Round "2"]
[White "Sturua, Zurab"]
[Black "Fischdick, Gisela"]
[Result "1/2-1/2"]
[WhiteElo "2560"]
[BlackElo "2290"]

1.d4 d5 2.c4 c6 3.Nf3 Nf6 4.Qc2 g6 5.Bf4 Bg7 6.e3 O-O 7.Nc3 Bf5 8.Qb3 Qb6
9.h3 Nbd7 10.Be2 Qxb3 11.axb3 h6 12.g4 Bc2 13.Nd2 g5 14.Bg3 Rfe8 15.cxd5 Nxd5
16.Nxd5 cxd5 17.Bb5 Red8 18.Ke2 a6 19.Rhc1 Rac8 20.Bxd7 Rxd7 21.Nc4 Bxb3
22.Nb6 Rxc1 23.Rxc1 Rd8 24.Rc7 e6 25.Rxb7 Re8 26.Ra7 e5 27.dxe5 Bxe5 28.Bxe5 Rxe5
29.Rxa6 Re6 30.Ra8+ Kg7 31.Rb8 d4 32.Kd3 dxe3 33.fxe3 h5 34.gxh5 Rh6 35.Nc4 Bxc4+
36.Kxc4 Rxh5 37.b4 Rxh3 38.Kd4 g4 39.Rc8 Rh1 40.Rc2 Rb1 41.Ke5  1/2-1/2

[Event "Berliner Sommer"]
[Site "Berlin"]
[Date "1996.??.??"]
[Round "3"]
[White "Tregubov, Pavel V"]
[Black "Delander, Adolf"]
[Result "1/2-1/2"]
[WhiteElo "2520"]
[BlackElo "2330"]

1.d4 d5 2.c4 c6 3.Nf3 Nf6 4.Qc2 e6 5.g3 Bd6 6.Bg2 O-O 7.O-O Nbd7 8.Nc3 dxc4
9.Rd1 Qe7 10.Nd2 Nb6 11.a4 a5 12.Nce4 Nxe4 13.Nxe4 Bb4 14.Bf4 h6 15.Nd2 Nd5
16.Nxc4 Nxf4 17.gxf4 Bd7 18.e3 f6 19.Qe4 Be8 20.Bf3 Rd8 21.Be2 Kh8 22.Bd3 g6
23.Bf1 Bf7 24.Rac1 Kh7 25.Qc2 Rg8 26.Bg2 Kh8 27.Kh1 g5 28.f5 exf5 29.Qxf5 Bg6
30.Qh3 Kg7 31.d5 cxd5 32.Nb6 Bf7 33.Nxd5 Bxd5 34.Rxd5 Rxd5 35.Bxd5 Rd8 36.Qf5 Qe5
37.Qxe5 fxe5 38.Rc7+ Kf6 39.e4 b6 40.Kg2 Bc5 41.Kg3 Rf8 42.f3 h5 43.b3 Kg6
44.Be6 h4+ 45.Kg2 Rd8 46.Bd7 Kf6 47.Kh3 Bg1 48.Rb7 Ke7 49.Bb5+ Kd6 50.Rg7 Be3
51.Rg6+ Ke7 52.Bc4 Rd6 53.Rg7+ Ke8 54.Kg4 Rf6 55.Be2 Kd8 56.h3 Ke8 57.Rc7 Kd8
58.Rc3 Bf4 59.Bb5 Ke7 60.Rc7+ Kd8 61.Rd7+ Kc8 62.Rg7 Kd8 63.Bd7 Be3 64.Bf5 Ke8
65.Kh5 Kf8 66.Rc7 Kg8 67.Rc3 Bd2  1/2-1/2

[Event "Bermuda"]
[Site "Bermuda"]
[Date "1996.??.??"]
[Round "4"]
[White "Ippolito, Dean"]
[Black "Arnett, David A"]
[Result "1/2-1/2"]
[WhiteElo "2205"]
[BlackElo "2355"]

1.d4 Nf6 2.c4 c6 3.Nf3 d5 4.Qb3 dxc4 5.Qxc4 Bf5 6.Nc3 e6 7.g3 Nbd7 8.Bg2 Be7
9.O-O O-O 10.e3 Ne4 11.Nd2 Nxd2 12.Bxd2 e5 13.e4 Nb6 14.Qb3 exd4 15.exf5 dxc3
16.Bxc3 Qd7 17.Rfe1 Rfe8 18.Qc2 Rad8 19.Rad1 Qc8 20.h4 Bf6 21.Rxe8+ Rxe8
22.Bxf6 gxf6 23.Rd6 Kg7 24.a4 Qc7 25.Rd4 Re1+ 26.Kh2 h6 27.Qc3 Qe5 28.a5 Nd5
29.Bxd5 cxd5 30.Rg4+ Kh8 31.Qc5 Qe8 32.Qd6 Qe7 33.Qb8+ Qe8 34.Qd6 Qe7 35.Qxd5 h5
36.Rf4 Kg7 37.Qf3 Rb1 38.Qxh5 Qe1 39.Rg4+ Kf8 40.Qh6+ Ke7 41.Qe3+ Qxe3 42.fxe3 Rxb2+
43.Kh3 Rb5 44.Rc4 Rxf5 45.Rc7+ Kf8 46.a6 bxa6 47.Rxa7 a5 48.Kg4 Rb5 49.e4 Kg7
50.Kf4 Kg6 51.Ra6 Kg7 52.Kg4  1/2-1/2

[Event "Bern op"]
[Site "Bern"]
[Date "1996.??.??"]
[Round "9"]
[White "Jurek, Josef"]
[Black "Tukmakov, Vladimir B"]
[Result "1/2-1/2"]
[WhiteElo "2345"]
[BlackElo "2595"]

1.Nf3 d5 2.d4 c6 3.c4 dxc4 4.e3 b5 5.a4 e6 6.axb5 cxb5 7.b3 Bb4+ 8.Bd2 Bxd2+
9.Nbxd2 a5 10.bxc4 b4 11.c5 Nf6 12.Bb5+ Bd7 13.Qa4 O-O 14.Ne5 Bxb5 15.Qxb5 Nd5
16.O-O f6 17.Nec4 Nc3 18.Qb6 Qxb6 19.Nxb6 Ra7 20.Na4 Nb5 21.Nc4 Nc6 22.Rfd1 Rd8
23.Kf1 Ne7 24.Rd2 e5 25.Nab6 exd4 26.exd4 Rxd4 27.Rxd4 Nxd4 28.Rxa5 Rxa5
29.Nxa5 b3 30.Nbc4 Kf7 31.Nd2 b2 32.Nac4 Nb3 33.Nb1 Nxc5 34.Nxb2 Nd5 35.Nc4 g5
36.Nbd2 Kg6 37.Nd6 h5 38.h3 Nc3 39.N2c4 Nd3 40.Ne3 Nf4 41.Ke1 Ncd5 42.Nxd5 Nxd5
43.g3 h4 44.Ke2 f5 45.Kf3 Kf6 46.gxh4 gxh4 47.Nc4 Nc7 48.Ke3 Nd5+ 49.Kf3 Kg5
50.Ne5 Nc7 51.Ke3 Nd5+ 52.Kf3 Nc3 53.Ke3 Nd5+ 54.Kf3 Kf6 55.Nc4 Nc7 56.Ne3  1/2-1/2

[Event "Bled op"]
[Site "Bled"]
[Date "1996.??.??"]
[Round "3"]
[White "Basagic, Zlatko"]
[Black "Podkriznik, Gregor"]
[Result "1/2-1/2"]
[WhiteElo "2360"]
[BlackElo "2210"]

1.d4 Nf6 2.Nf3 d5 3.c4 c6 4.Qc2 e6 5.Nbd2 Nbd7 6.g3 Bd6 7.Bg2 O-O 8.O-O Qe7
9.Nh4 Re8 10.e4 dxe4 11.Nxe4 Nxe4 12.Bxe4 Nf6 13.Bg2 Qc7 14.c5 Be7 15.Bf4 Qd8
16.Nf3 Nd5 17.Bd2 Bd7 18.Ne5 Qc8 19.Rfc1 Bd8 20.b4 Bc7 21.Be4 f5 22.Bd3 Bxe5
23.dxe5 Qc7 24.f4 Rf8 25.h4 Be8 26.Kf2 a6 27.Be2 h5 28.a4 g6 29.Qb3 Bd7 30.Be3 Rfc8
31.Bd4 Qd8 32.Bc4 Qe8 33.Rab1 Nc7 34.Re1 Qe7 35.Rbd1 Qe8 36.Ba1 Nd5 37.Qb2 Rd8
38.Bxd5 cxd5 39.Rxd5 Bxa4 40.Rd6 Kf7 41.Qa2 Rac8 42.Rc1 Bc6 43.Rcd1 Rd7 44.R1d4 Qe7
45.Qd2 Rcd8 46.Bc3 Ke8 47.b5 Bxb5 48.c6 Bxc6 49.Bb4 Qf7 50.Qc3 Rxd6 51.exd6 Rd7
52.Qc5 Qf6 53.Bc3 Qf7 54.Rd2 Rd8 55.Qb6 Bd5 56.Ba5 Rc8 57.Qd4 Kd7 58.Bc7 Qf8
59.Re2 Qh8 60.Re5 Qf8 61.Qb6 Bc6  1/2-1/2

[Event "Bled op"]
[Site "Bled"]
[Date "1996.??.??"]
[Round "8"]
[White "Podkriznik, Gregor"]
[Black "Doric, Nenad"]
[Result "1/2-1/2"]
[WhiteElo "2210"]
[BlackElo "2320"]

1.Nf3 d5 2.d4 c6 3.c4 dxc4 4.e3 b5 5.a4 e6 6.Nc3 b4 7.Nb1 Nf6 8.Bxc4 Be7
9.O-O c5 10.Qe2 O-O 11.Rd1 Bb7 12.Nbd2 Nbd7 13.a5 Rc8 14.b3 Qc7 15.Bb2 Rfd8  1/2-1/2

[Event "Bratto op"]
[Site "Bratto"]
[Date "1996.??.??"]
[Round "4"]
[White "Rossi, Giampiero"]
[Black "Piva, Giorgio"]
[Result "1/2-1/2"]
[WhiteElo "2130"]
[BlackElo "2170"]

1.d4 d5 2.c4 dxc4 3.Nf3 c6 4.e3 b5 5.a4 e6 6.axb5 cxb5 7.b3 Bb4+ 8.Bd2 Bxd2+
9.Qxd2 a5 10.bxc4 b4 11.Be2 Nf6 12.O-O Bb7 13.Qd1 Nbd7 14.Nbd2 O-O 15.Qb3 Qc7
16.Rfc1 e5 17.c5 exd4 18.exd4 Bd5 19.Bc4 Qc6 20.Ra4 Ra7 21.Rca1 Rfa8  1/2-1/2

[Event "Budapest FS09 GM"]
[Site "Budapest"]
[Date "1996.??.??"]
[Round "2"]
[White "Legky, Nikolay A"]
[Black "Almasi, Istvan"]
[Result "1/2-1/2"]
[WhiteElo "2540"]
[BlackElo "2425"]

1.d4 d5 2.c4 c6 3.Nf3 dxc4 4.Nc3 b5 5.g3 e6 6.Bg2 Nd7 7.a4 b4 8.Ne4 Ngf6
9.Nxf6+ gxf6 10.O-O Ba6 11.Re1 Qa5 12.Bf4 Be7 13.Nd2 Rc8 14.e3 Nb6 15.Ne4 Rd8
16.Qg4 Kd7 17.Qg7 Qh5 18.Nc5+ Bxc5 19.dxc5 Nd5 20.Red1 Kc8 21.Bxd5 cxd5 22.Qxf6 Bb7
23.a5 Bc6 24.Qe5 Qxe5 25.Bxe5 Rhf8 26.Bf6 Rde8 27.f4 Rg8 28.b3 Bb5 29.bxc4 Bxc4
30.Be5 Kd7 31.Rdb1 b3 32.Ra4 Kc6 33.Rb4 Re7 34.a6 Kxc5 35.Rb7 Rge8 36.Rc1 f6
37.Bd4+ Kc6 38.Rxb3 e5 39.fxe5 fxe5 40.Bb2 Kd7 41.Rb4 Bxa6 42.Ra1 Bc4 43.e4 Ke6
44.exd5+ Bxd5 45.Rh4 Kf6 46.Rf1+ Kg7 47.Rg4+ Kh8 48.Rf5 Bf7 49.h4 Bg6 50.Rfg5 h5
51.Rf4 Re6 52.g4 hxg4 53.Rfxg4 Rg8 54.Bxe5+ Kh7 55.Bd4 Re4  1/2-1/2

[Event "Budapest FS05 IM"]
[Site "Budapest"]
[Date "1996.??.??"]
[Round "7"]
[White "Hennig, Dirk"]
[Black "Tcebekov, Khongor"]
[Result "1-0"]
[WhiteElo "2355"]
[BlackElo "2315"]

1.d4 d5 2.c4 c6 3.Nf3 Nf6 4.g3 Nbd7 5.Bg2 g6 6.O-O Bg7 7.Nc3 O-O 8.b3 dxc4
9.bxc4 c5 10.e3 cxd4 11.exd4 Nb6 12.Qb3 Qc7 13.Ne5 Be6 14.Nb5 Qc8 15.Nxa7 Rxa7
16.Qxb6 Qa8 17.Bb2 Rxa2 18.Rxa2 Qxa2 19.Ra1  1-0

[Event "Budapest FS09 GM"]
[Site "Budapest"]
[Date "1996.??.??"]
[Round "8"]
[White "Lukacs, Peter"]
[Black "Almasi, Istvan"]
[Result "1/2-1/2"]
[WhiteElo "2475"]
[BlackElo "2425"]

1.d4 d5 2.c4 c6 3.Nf3 dxc4 4.e3 b5 5.a4 e6 6.axb5 cxb5 7.b3 Nf6 8.bxc4 bxc4
9.Bxc4 Bd6 10.O-O O-O 11.Nbd2 Bb7 12.Rb1 Qc7 13.Qb3 Bc6 14.Bb2 Ne4 15.Nxe4 Bxe4
16.Rbc1 Qe7  1/2-1/2

[Event "Budapest FS04 IM"]
[Site "Budapest"]
[Date "1996.??.??"]
[Round "11"]
[White "Volodin, Viktor"]
[Black "Schlusnik, Nandor"]
[Result "1-0"]
[WhiteElo "2325"]
[BlackElo "2225"]

1.Nf3 d5 2.d4 c6 3.c4 dxc4 4.Nc3 Nf6 5.a4 Bf5 6.Ne5 e6 7.f3 Bb4 8.Nxc4 O-O
9.Bg5 h6 10.Bh4 Qd5 11.Qb3 Qxd4 12.Bf2 Bxc3+ 13.bxc3 Qd7 14.e4 Bg6 15.Ne5 Qe7
16.Nxg6 fxg6 17.Bc4 Kh7 18.O-O e5 19.a5 Rc8 20.Rfb1 Rc7 21.Qa3 Qxa3 22.Rxa3 Ne8
23.Rd1 Rd7 24.Raa1 Nf6 25.Be6 Re7 26.Bc4 Rd7 27.Rdb1 Rc7 28.Ra2 Nbd7 29.Rab2 b6
30.axb6 axb6 31.Bxb6 Nxb6 32.Rxb6 Ra3 33.Rc1 Nd7 34.Rb2 Nc5 35.Rb8 Na4 36.Ra8 g5
37.Re1 Rd7 38.Bg8+ Kg6 39.Ra6  1-0

[Event "JUG-chT"]
[Site "Budva"]
[Date "1996.??.??"]
[Round "1"]
[White "Barlov, Dragan"]
[Black "Simic, Radoslav"]
[Result "1-0"]
[WhiteElo "2460"]
[BlackElo "2490"]

1.d4 d5 2.c4 c6 3.Nf3 Nf6 4.Qc2 g6 5.Bf4 Bg7 6.e3 O-O 7.Bd3 c5 8.dxc5 Qa5+
9.Nbd2 Qxc5 10.O-O Nc6 11.a3 dxc4 12.Bxc4 Be6 13.b4 Qf5 14.Bd3 Qh5 15.b5 Na5
16.Be5 Rac8 17.Qb2 Rfd8 18.Be2 Nc4 19.Bxc4 Bxc4 20.Nxc4 Rxc4 21.Rac1 Rxc1
22.Rxc1 Ne8 23.Bxg7 Nxg7 24.h3 Ne6 25.Qb4 Kf8 26.a4 Qd5 27.Qa5 Ra8 28.Qc3 Kg8
29.Qa3 Kf8 30.Qa1 Kg8 31.Rd1 Qe4 32.Qa3 Re8 33.Rd7 Nf8 34.Rc7 Qb1+ 35.Kh2 Qe4
36.a5 a6 37.b6 h6 38.Kg1 Qb1+ 39.Kh2 Qb5 40.Nd2 Qe5+ 41.f4 Qd5 42.Nf3 Qe4
43.Ne5 g5 44.Rxe7 Rxe7 45.Qxe7 Qf5 46.Ng4 Kg7 47.Qxb7 h5 48.Nf2 gxf4 49.Qe4 Qxa5
50.Qd4+ Kg8 51.Ne4 f5 52.Qc4+ Kh8 53.Qc5 Qxc5 54.Nxc5 fxe3 55.b7 e2 56.b8=Q e1=Q
57.Qxf8+ Kh7 58.Qf7+ Kh6 59.Qf6+ Kh7 60.Ne6  1-0

[Event "JUG-chT"]
[Site "Budva"]
[Date "1996.??.??"]
[Round "6"]
[White "Mihajlovic, Veselin"]
[Black "Pajkovic, Vladimir"]
[Result "0-1"]
[WhiteElo "2315"]
[BlackElo "2425"]

1.d4 d5 2.Nf3 c6 3.c4 dxc4 4.e3 b5 5.a4 e6 6.b3 Bb4+ 7.Bd2 Bxd2+ 8.Nfxd2 cxb3
9.axb5 b2 10.Ra2 Ne7 11.Rxb2 O-O 12.Qc2 Bb7 13.Bd3 h6 14.bxc6 Bxc6 15.O-O Qd7
16.Na3 Rc8 17.Qb1 Bd5 18.Nac4 Nbc6 19.Rc1 Rab8 20.Ne4 Bxe4 21.Bxe4 Nd5 22.Bh7+ Kh8
23.Ne5 Rxb2 24.Nxd7 Rxb1 25.Bxb1 Rc7 26.Nc5 Ncb4 27.Kf1 a5 28.e4 Ne7 29.Ke2 Rc8
30.Ke3 g5 31.Rc3 e5 32.dxe5 Ned5+  0-1

[Event "Calcutta op"]
[Site "Calcutta"]
[Date "1996.??.??"]
[Round "6"]
[White "Anilkumar, N R."]
[Black "Roy Chowdhury, Biswajit"]
[Result "1-0"]
[WhiteElo "2325"]
[BlackElo "2085"]

1.c4 Nf6 2.g3 c6 3.Nf3 d5 4.d4 Bf5 5.Bg2 e6 6.O-O Bd6 7.Qb3 Qb6 8.c5 Qxb3
9.axb3 Bc7 10.b4 Nbd7 11.Nc3 e5 12.b5 O-O 13.bxc6 bxc6 14.Ra6 Nb8 15.Ra3 Nfd7
16.Bd2 exd4 17.Nxd4 Be6 18.e4 dxe4 19.Nxe6 fxe6 20.Nxe4 Be5 21.b4 Bd4 22.Bh3 e5
23.Be3 Bxe3 24.Be6+ Kh8 25.fxe3 Rxf1+ 26.Kxf1 Nf8 27.Bc8 a6 28.Ke2 Ra7 29.Nd6 Nfd7
30.Nc4 Kg8 31.Kf3 Kf7 32.Ke4 Kf6 33.Ra1 g6 34.Ra2 Ke7 35.Nb6 Nf6+ 36.Kxe5 Nbd7+
37.Bxd7 Nxd7+ 38.Nxd7 Kxd7 39.Kf6 Ke8 40.Ke6 Re7+ 41.Kd6 Rxe3 42.Rxa6 Rb3
43.Ra4 Rb2 44.Kxc6 Rxh2 45.b5  1-0

[Event "Calcutta op"]
[Site "Calcutta"]
[Date "1996.??.??"]
[Round "8"]
[White "Prakash, G B."]
[Black "Reefat bin Satter"]
[Result "1-0"]
[WhiteElo "2360"]
[BlackElo "2465"]

1.d4 d5 2.c4 c6 3.Nf3 dxc4 4.a4 e6 5.Nc3 Bb4 6.g3 Nf6 7.Bg2 a5 8.O-O Nfd7
9.e4 Na6 10.Qe2 O-O 11.Qxc4 e5 12.dxe5 Qe8 13.Bf4 Nb6 14.Qe2 Be6 15.Nd2 Bxc3
16.bxc3 Nc5 17.Be3 Nbxa4 18.Bd4 b5 19.f4 b4 20.f5 bxc3 21.Nf3 Bc8 22.Qe3  1-0

[Event "Cannes mT"]
[Site "Cannes"]
[Date "1996.??.??"]
[Round "4"]
[White "Mednis, Edmar John"]
[Black "Bacrot, Etienne"]
[Result "1-0"]
[WhiteElo "2405"]
[BlackElo "2425"]

1.c4 Nf6 2.Nf3 c6 3.d4 d5 4.Qc2 dxc4 5.Qxc4 Bf5 6.g3 e6 7.Bg2 Be7 8.O-O O-O
9.Nc3 Nbd7 10.e3 c5 11.Rd1 Qb6 12.Qe2 cxd4 13.exd4 Rad8 14.Bf4 Rfe8 15.Rac1 Bd6
16.Na4 Qa5 17.Bxd6 Qxa4 18.b3 Qa6 19.Qxa6 bxa6 20.Ne5 Nxe5 21.dxe5 Ne4 22.Bf1  1-0

[Event "Cappelle op"]
[Site "Cappelle la Grande "]
[Date "1996.??.??"]
[Round "?"]
[White "Gurevich, Mikhail"]
[Black "Oratovsky, Michael"]
[Result "1-0"]
[WhiteElo "2590"]
[BlackElo "2485"]

1.d4 d5 2.c4 c6 3.Nf3 Nf6 4.Qc2 g6 5.Bf4 Bf5 6.Qb3 Qb6 7.e3 Bxb1 8.Rxb1 Qxb3
9.axb3 Nbd7 10.h3 Bg7 11.Bd3 O-O 12.Ke2 Rfe8 13.g4 e6 14.Rhd1 a6 15.Ra1 Rac8
16.Rac1 c5 17.Kf1 cxd4 18.exd4 Nb8 19.Ne5 Nfd7 20.Nxd7 Nxd7 21.Be2 dxc4 22.bxc4 e5
23.dxe5 Nxe5 24.Rd5 h6 25.b3 Re6 26.Rcd1 Rce8 27.Rd8 a5 28.Be3 Bf8 29.R1d5 Rxd8
30.Rxd8 Nc6 31.Rc8 Kg7 32.Bf3 Bb4 33.Bd5 Re7 34.Bxc6 bxc6 35.Bd4+ f6 36.Rxc6 Rf7
37.h4 Rd7 38.Bxf6+ Kf7 39.Be5 Rd1+ 40.Kg2 Be7 41.h5 gxh5 42.gxh5 Bf8 43.Bc3 Rd3
44.Bxa5 Rxb3 45.Bd2  1-0

[Event "Cappelle op"]
[Site "Cappelle la Grande "]
[Date "1996.??.??"]
[Round "4"]
[White "Yakovich, Yuri"]
[Black "Ruzele, Darius"]
[Result "1/2-1/2"]
[WhiteElo "2540"]
[BlackElo "2465"]

1.d4 d5 2.c4 c6 3.Nf3 Nf6 4.Qc2 dxc4 5.Qxc4 Bf5 6.g3 e6 7.Bg2 Nbd7 8.Nc3 Be7
9.O-O O-O 10.e3 Ne4 11.Qe2 Bg6 12.Rd1 Qa5 13.Bd2 Nxd2 14.Rxd2 Rad8 15.a3 Bh5
16.h3 Bxf3 17.Bxf3 Nf6 18.Rad1 Rd7 19.Qc4 Nd5 20.Ne2 Rfd8 21.Nc1 Qc7 22.Qe2 c5
23.dxc5 Qxc5 24.Nb3 Qb6 25.Bxd5 Rxd5 26.Rxd5 Rxd5 27.Rxd5 exd5 28.Qc2 g6
29.Nc1 Qb5  1/2-1/2

[Event "Celle Ligure op"]
[Site "Celle Ligure"]
[Date "1996.??.??"]
[Round "7"]
[White "Sulava, Nenad"]
[Black "Ortega, Lexy"]
[Result "1/2-1/2"]
[WhiteElo "2480"]
[BlackElo "2490"]

1.Nf3 d5 2.d4 c6 3.c4 dxc4 4.e4 b5 5.a4 e6 6.b3 Bb4+ 7.Bd2 Bxd2+ 8.Qxd2 cxb3
9.axb5 Ne7 10.Qb4 Bb7 11.bxc6 Bxc6 12.Nbd2 Qb6 13.Qa3 a5 14.Nc4 Qb4+ 15.Qxb4 axb4
16.Rxa8 Bxa8 17.Nd6+ Kd7 18.Nxf7 Rc8 19.N3e5+ Kc7 20.Ng5 h6 21.Nxe6+ Kd6
22.Bc4 Bxe4 23.Nf7+ Kd7 24.Ne5+ Kd6 25.Nf7+ Kd7  1/2-1/2

[Event "Cetinje"]
[Site "Cetinje"]
[Date "1996.??.??"]
[Round "?"]
[White "Tregubov, Pavel V"]
[Black "Blagojevic, Dragisa"]
[Result "1-0"]
[WhiteElo "2470"]
[BlackElo "2450"]

1.d4 d5 2.c4 c6 3.Nf3 Nf6 4.Qc2 dxc4 5.Qxc4 Bg4 6.Bf4 Bxf3 7.gxf3 g6 8.Nc3 Bg7
9.Be5 Nbd7 10.f4 O-O 11.e3 Qa5 12.Bg2 Rac8 13.O-O Nb6 14.Qb3 Rfd8 15.Rfc1 Kf8
16.a4 Nfd5 17.Nxd5 Nxd5 18.Qxb7 Qb6 19.Qxb6 axb6 20.e4 Nb4 21.d5 f6 22.Bd4 c5
23.Be3 f5 24.a5 bxa5 25.Rxa5 Nd3 26.Rc2 Ne1 27.Rcxc5 Rxc5 28.Rxc5 Nxg2 29.Kxg2 fxe4
30.Rb5 Rc8 31.Kg3 Kf7 32.f3 exf3 33.Kxf3 Rc2 34.Rb7 Kf6 35.Ke4 Rc4+ 36.Bd4+ Kf7
37.d6 Rc8 38.d7 Rd8 39.Bb6  1-0

[Event "Ciego de Avila"]
[Site "Ciego de Avila"]
[Date "1996.??.??"]
[Round "4"]
[White "Minero Pineda, Sergio"]
[Black "Guedez, Armando"]
[Result "1-0"]
[WhiteElo "2405"]
[BlackElo "2365"]

1.d4 d5 2.c4 c6 3.Nf3 Nf6 4.g3 Bf5 5.Bg2 e6 6.O-O Be7 7.Nc3 Nbd7 8.Nh4 Bg6
9.Nxg6 hxg6 10.e4 dxc4 11.d5 Ne5 12.Qd4 Nfd7 13.dxe6 fxe6 14.Bf4 Bc5 15.Qd2 Qa5
16.Qe2 O-O-O 17.h4 Rdf8 18.Nd1 Rxf4 19.gxf4 Nd3 20.Ne3 Rxh4 21.Nxc4 Nxf4
22.Qf3 Qc7 23.Rfe1 Nxg2 24.Qxg2 Qf4 25.Ne3 Ne5 26.Kf1 Nd3 27.Kg1 Rh5 28.b4 Bb6
29.Red1 Rg5 30.Rxd3 Rxg2+ 31.Nxg2 Qxf2+ 32.Kh1 Qe2 33.Rh3 Qxe4 34.Rf1 Kc7
35.Rh4 Qc2 36.Nf4 Bf2 37.Nxe6+ Kb6 38.Rf4 Be3 39.R4f3 Qe4 40.Nc5 Qh4+ 41.Kg2 a5
42.Rxe3 axb4 43.Nb3 Qg5+ 44.Rg3 Qd5+ 45.Kg1 g5 46.Rc1 Qf5 47.Rg2 Qd3 48.Kh2 Qd6+
49.Kh1 Qf4 50.Kg1 g4 51.Kh1 Kc7 52.Re1 g3 53.Nd2 Qh4+ 54.Kg1 Qd4+ 55.Kf1 c5
56.Ne4 c4 57.Nxg3 b5 58.Re7+ Kb6 59.Ree2 Ka5 60.Ne4 Qa1+ 61.Re1 Qe5 62.Ree2 b3
63.axb3 cxb3 64.Nd2 Qf5+ 65.Ke1 Ka4 66.Re4+ b4 67.Rxg7 Qd5 68.Ra7+ Kb5 69.Rae7 Ka4
70.R7e5 Qd8 71.Nc4  1-0